000 00919nam a22001577a 4500
999 _c61011
_d61011
005 20231206153832.0
008 231206s1984 ru ||||| |||| 00| 0 rus d
041 _arus
080 _a7.032(376)+008(450) P-51
245 _aРимское искусство и культура :
_bВыставка Римско-германского музея города Кёльна в Музее изобразительных искусств им. А.С. Пушкина, Москва и в Государственном Эрмитаже, Ленинград : Каталог /
_cМинистерство культуры СССР.
264 _aКёльн :
_b Римско-германский музей города Кёльна,
_c1984.
300 _a176 с. :
_bил. ;
_c27 см.
653 _aრომის ხელოვნება
653 _aრომის კულტურა
942 _2udc
_cᲬᲘᲒᲜᲘ